[Event "SCCA Summer of Thematics - August 2007"]
[Site "SchemingMind.com"]
[Date "2007.08.18"]
[Round "-"]
[White "aliwood"]
[Black "Stahp"]
[Result "0-1"]
[WhiteCountry "ENG"]
[BlackCountry "FRA"]
[WhiteElo "1010"]
[WhiteRD "91"]
[BlackElo "1639"]
[BlackRD "105"]
[GameID "116329"]

1. e4 e5 2. d4 exd4 3. c3 dxc3 4. Bc4 Nc6 5. Nxc3 Bb4 6. Ne2 Ne5 7. Bxf7+ Nxf7 8. O-O Bxc3 9. Nxc3 d6 10. Qe2 Nf6
0-1

[Event "SCCA Summer of Thematics - August 2007"]
[Site "SchemingMind.com"]
[Date "2007.08.14"]
[Round "-"]
[White "jamesm_beatty"]
[Black "lame wolf"]
[Result "1-0"]
[WhiteCountry "USA"]
[BlackCountry "INT"]
[WhiteElo "1569"]
[WhiteRD "70"]
[BlackElo "1118"]
[BlackRD "91"]
[GameID "116426"]

1. e4 e5 2. d4 exd4 3. c3 dxc3 4. Nxc3 Nc6 5. Nf3 d6 6. Bc4 Bg4 7. h3 Bxf3 8. Qxf3 Nf6 9. Bg5 Be7 10. O-O-O O-O
11. Rhe1 Ne5 12. Qe2 Nxc4 13. Qxc4 Qe8 14. Nb5 Qc6 15. Qxc6 bxc6 16. Nxc7 Rac8 17. Na6 d5 18. e5 Ne4 19. Bxe7 Rfe8 20. Bd6 Nxd6
21. exd6 Rxe1 22. Rxe1 h5 23. d7
1-0

[Event "SCCA Summer of Thematics - August 2007"]
[Site "SchemingMind.com"]
[Date "2007.08.14"]
[Round "-"]
[White "lame wolf"]
[Black "jamesm_beatty"]
[Result "0-1"]
[WhiteCountry "INT"]
[BlackCountry "USA"]
[WhiteElo "1118"]
[WhiteRD "91"]
[BlackElo "1569"]
[BlackRD "70"]
[GameID "116437"]

1. e4 e5 2. d4 exd4 3. c3 d5 4. Qxd4 Nf6 5. e5 Nc6 6. Bb5 Bd7 7. exf6 Nxd4 8. Bd3 Nc6 9. fxg7 Bxg7 10. Nf3 Qe7+
11. Be3 O-O-O 12. O-O h6 13. Nbd2 Rhg8 14. Rac1 Ne5 15. c4 Nxd3 16. Rc2 Bxb2 17. cxd5 Be5 18. Bd4 Bxd4 19. Nxd4 Nb4 20. Rb2 Nxd5
21. N2f3 a6 22. Re1 Qa3 23. Ree2 Rde8
0-1

[Event "SCCA Summer of Thematics - August 2007"]
[Site "SchemingMind.com"]
[Date "2007.08.23"]
[Round "-"]
[White "jtrochez1"]
[Black "tacticrules"]
[Result "1/2-1/2"]
[WhiteCountry "HON"]
[BlackCountry "GER"]
[WhiteElo "1522"]
[WhiteRD "48"]
[BlackElo "1677"]
[BlackRD "51"]
[GameID "117620"]

1. e4 e5 2. d4 exd4 3. c3 d5 4. exd5 Qxd5 5. c4 Qd8 6. Bd3 Nf6 7. h3 c5 8. b3 Bd6 9. Nf3 O-O 10. Bb2 Re8+
11. Kd2 Bf4+ 12. Kc2 Ne4 13. Qf1 Bf5 14. Nbd2 Bxd2 15. Nxd2 Nc6 16. a3 Nxd2 17. Kxd2 Bxd3 18. Qxd3 Qf6 19. Qg3 Re6 20. Rae1 Rae8
21. Rxe6 Rxe6 22. Re1 Rxe1=
1/2-1/2

[Event "SCCA Summer of Thematics - August 2007"]
[Site "SchemingMind.com"]
[Date "2007.08.23"]
[Round "-"]
[White "tacticrules"]
[Black "jtrochez1"]
[Result "0-1"]
[WhiteCountry "GER"]
[BlackCountry "HON"]
[WhiteElo "1677"]
[WhiteRD "51"]
[BlackElo "1522"]
[BlackRD "48"]
[GameID "117629"]

1. e4 e5 2. d4 exd4 3. c3 dxc3 4. Bc4 Nc6 5. Nf3 Nf6 6. Ng5 d5 7. exd5 Ne5 8. Qe2 Bd6 9. f4 Bg4 10. Qe3 O-O
11. fxe5 Bxe5 12. Nxc3 Bxc3+ 13. Kf1 Ba5 14. Bd2 Bxd2 15. Qxd2 Qd6 16. h3 Bh5 17. Re1 h6 18. Nf3 Rae8 19. Rxe8 Rxe8 20. Kf2 Ne4+
0-1

[Event "SCCA Summer of Thematics - August 2007"]
[Site "SchemingMind.com"]
[Date "2007.09.01"]
[Round "-"]
[White "mr_inconsistent"]
[Black "nikoss"]
[Result "0-1"]
[WhiteCountry "IND"]
[BlackCountry "GRE"]
[WhiteElo "1349"]
[WhiteRD "118"]
[BlackElo "1716"]
[BlackRD "129"]
[GameID "118546"]

1. e4 e5 2. d4 exd4 3. c3 dxc3 4. Nxc3 Nc6 5. Bc4 Nf6 6. f3 Bb4 7. Bd2 O-O 8. Nd5 Bxd2+ 9. Qxd2 d6 10. Nxf6+ Qxf6
11. Ne2 Ne5 12. O-O Nxc4 13. Qc1 Be6 14. b3 Nb6 15. Qxc7 Qd8 16. Qxb7 Qc8 17. Qxc8 Rfxc8 18. Rfd1 d5 19. exd5 Nxd5 20. g4 Rc2
21. Nd4 Rb2 22. Nxe6 fxe6 23. Rf1 Rc8 24. Rfe1 Kf7 25. Rf1 Rcc2 26. h4 Rg2+ 27. Kh1 Rh2+ 28. Kg1 Rbg2#
0-1

[Event "SCCA Summer of Thematics - August 2007"]
[Site "SchemingMind.com"]
[Date "2007.08.29"]
[Round "-"]
[White "nikoss"]
[Black "mr_inconsistent"]
[Result "0-1"]
[WhiteCountry "GRE"]
[BlackCountry "IND"]
[WhiteElo "1544"]
[WhiteRD "115"]
[BlackElo "1413"]
[BlackRD "95"]
[GameID "118552"]

1. e4 e5 2. d4 exd4 3. c3 dxc3 4. Bc4 cxb2 5. Bxb2 d6 6. e5 Be6 7. Bxe6 fxe6 8. exd6 cxd6 9. Qg4 e5 10. Bxe5 dxe5
11. Qh5+ g6 12. Qxe5+ Qe7 13. Nf3 Qxe5+ 14. Nxe5= Bg7 15. f4 Nd7 16. O-O Nxe5 17. Re1 O-O-O 18. fxe5 Re8 19. Nd2 Ne7 20. Rac1+ Kb8
21. Nc4 Nc6 22. Rc2 Bxe5 23. Nxe5 Rxe5 24. Rb1 Rhe8 25. Rxc6 Re1+ 26. Rxe1 Rxe1+ 27. Kf2 bxc6 28. Kxe1 Kb7 29. Kd2= Kb6 30. Kd3 Kb5
31. Kc3 a5 32. h4 a4 33. g4 h6 34. g5 hxg5 35. hxg5 c5 36. a3 c4 37. Kd4 c3 38. Kxc3 Kc5 39. Kd3 Kb5 40. Kd4 Ka5
41. Kc5 Ka6 42. Kb4 Kb6 43. Kxa4 Ka6 44. Kb4 Kb6 45. a4 Ka6 46. a5 Kb7 47. Kb5 Ka7
0-1

[Event "SCCA Summer of Thematics - August 2007"]
[Site "SchemingMind.com"]
[Date "2007.09.03"]
[Round "-"]
[White "Tahur"]
[Black "Dariusz1968"]
[Result "1-0"]
[WhiteCountry "ARG"]
[BlackCountry "POL"]
[WhiteElo "1832"]
[WhiteRD "55"]
[BlackElo "1448"]
[BlackRD "53"]
[GameID "119038"]

1. e4 e5 2. d4 exd4 3. c3 dxc3 4. Bc4 cxb2 5. Bxb2 Qh4 6. Nd2 Bc5 7. Qe2 f6 8. g3 Qg5 9. Bxg8 Rxg8 10. f4 Qg6
11. Qc4 Bf2+ 12. Kxf2 Rf8 13. Qxc7 Nc6 14. Nc4 b6 15. Nd6+ Ke7 16. Ba3 f5 17. Nxc8+ Kf7 18. Qxd7+ Kg8 19. Bxf8 Kxf8 20. Rc1 Qf7
21. Qxc6 Qxa2+ 22. Ne2 Qa3 23. Qxa8
1-0

[Event "SCCA Summer of Thematics - August 2007"]
[Site "SchemingMind.com"]
[Date "2007.09.03"]
[Round "-"]
[White "Dariusz1968"]
[Black "Tahur"]
[Result "0-1"]
[WhiteCountry "POL"]
[BlackCountry "ARG"]
[WhiteElo "1448"]
[WhiteRD "53"]
[BlackElo "1832"]
[BlackRD "55"]
[GameID "119051"]

1. e4 e5 2. d4 exd4 3. c3 c5 4. Qf3 Nc6 5. Bc4 Nf6 6. Bg5 Be7 7. Ne2 O-O 8. Bb5 Nxe4 9. Qxe4 Bxg5 10. cxd4 Re8
11. Qd5 Nxd4 12. Nc3 Nc2+ 13. Kf1 Qf6 14. Qf3 Qxf3 15. gxf3 Nxa1 16. Bd3 d5 17. Kg2 c4 18. Bxh7+ Kxh7 19. Rxa1 b6 20. Nxd5 Rxe2
21. b3 Bh4 22. Rf1 Rxa2 23. bxc4 Bf5 24. Nc3 Rc2 25. Ne4 Be6 26. Rd1 Bxc4 27. Kh3 Bxf2 28. Ng5+ Kg6 29. Kg4 Rh8 30. Rd6+ f6
31. f4 Be2+ 32. Nf3 Rh4#
0-1

[Event "SCCA Summer of Thematics - August 2007"]
[Site "SchemingMind.com"]
[Date "2007.09.04"]
[Round "-"]
[White "cnbcad"]
[Black "Dr_Pat"]
[Result "0-1"]
[WhiteCountry "USA"]
[BlackCountry "USA"]
[WhiteElo "1558"]
[WhiteRD "56"]
[BlackElo "1566"]
[BlackRD "47"]
[GameID "119192"]

1. e4 e5 2. d4 exd4 3. c3 d5 4. cxd4 dxe4 5. Qa4+ Nc6 6. Bb5 Bd7 7. d5 Nb4 8. Bxd7+ Qxd7 9. Qxd7+ Kxd7 10. Na3 Nxd5
11. Be3 Nxe3 12. fxe3 Re8 13. Rd1+ Kc8 14. Ne2 Bb4+ 15. Nc3 Bxc3+ 16. bxc3 Nf6 17. Nb5 a6 18. Nd4 Ng4 19. Nf5 g6 20. Nd4 Nxe3
21. Rb1 Nxg2+ 22. Kf2 Nf4 23. h4 e3+ 24. Kf3 Nd5 25. Rhe1 Nxc3 26. Rb3 Nxa2 27. Rexe3 Rxe3+ 28. Rxe3 Rd8 29. Ke4 f5+ 30. Kf4 Rxd4+
0-1

[Event "SCCA Summer of Thematics - August 2007"]
[Site "SchemingMind.com"]
[Date "2007.09.05"]
[Round "-"]
[White "Canuck36"]
[Black "discomike26"]
[Result "1-0"]
[WhiteCountry "CAN"]
[BlackCountry "USA"]
[WhiteElo "1555"]
[WhiteRD "84"]
[BlackElo "1329"]
[BlackRD "112"]
[GameID "119193"]

1. e4 e5 2. d4 exd4 3. c3 Nf6 4. Qxd4 c5 5. Qe3 Bd6 6. Bd3 Nc6 7. Nf3 Ng4 8. Qe2 Nce5 9. Nxe5 Nxe5 10. O-O c4
11. Bxc4 Qc7 12. Bb3 Be7 13. Na3 Qd6 14. Nc4 Nxc4 15. Bxc4 Qe5 16. f3 Bd6 17. g3 Bc5+ 18. Kg2 d6 19. Bf4 Qh5 20. h4 g5
21. Bxg5 Rg8 22. b4 Bb6 23. Rad1 h6 24. Bf4 a5 25. Rxd6 Rxg3+ 26. Bxg3 axb4 27. Rxb6 bxc3 28. Rd1 Qc5 29. Bb5+ Kf8 30. Bd6+ Qxd6
31. Rbxd6 Be6 32. a4 Rc8 33. Qc2 Ke7 34. e5 Rg8+ 35. Kf2 f5 36. exf6+ Kxf6 37. Qxc3+ Kf5 38. Bd3+ Kf4 39. Qf6+ Bf5 40. Qxf5#
1-0

[Event "SCCA Summer of Thematics - August 2007"]
[Site "SchemingMind.com"]
[Date "2007.09.04"]
[Round "-"]
[White "Dr_Pat"]
[Black "cnbcad"]
[Result "0-1"]
[WhiteCountry "USA"]
[BlackCountry "USA"]
[WhiteElo "1543"]
[WhiteRD "52"]
[BlackElo "1527"]
[BlackRD "55"]
[GameID "119203"]

1. e4 e5 2. d4 exd4 3. c3 dxc3 4. Nxc3 Bb4 5. Nf3 Qf6 6. Be2 Bxc3+ 7. bxc3 Qxc3+ 8. Bd2 Qb2 9. O-O Nf6 10. e5 Ne4
11. Qb1 Qxb1 12. Raxb1 d5 13. Rbc1 Bg4 14. Rxc7 Bxf3 15. Bb5+ Nc6
0-1

[Event "SCCA Summer of Thematics - August 2007"]
[Site "SchemingMind.com"]
[Date "2007.09.05"]
[Round "-"]
[White "discomike26"]
[Black "Canuck36"]
[Result "0-1"]
[WhiteCountry "USA"]
[BlackCountry "CAN"]
[WhiteElo "1376"]
[WhiteRD "113"]
[BlackElo "1554"]
[BlackRD "81"]
[GameID "119204"]

1. e4 e5 2. d4 exd4 3. c3 dxc3 4. bxc3 Nc6 5. Qd5 Nf6 6. Qd3 Bc5 7. Bg5 O-O 8. Bxf6 Qxf6 9. Nf3 d6 10. Qd5 Re8
11. Bd3 Ne5 12. Bb5 c6 13. Qb3 Nxf3+ 14. gxf3 Qxf3 15. Rg1 Qxf2+ 16. Kd1 Qxg1+ 17. Kc2 Rxe4 18. Qa4 Rxa4 19. Bxa4 Bf5+ 20. Kb3 Qd1+
21. Kc4 Qxa4#
0-1

[Event "SCCA Summer of Thematics - August 2007"]
[Site "SchemingMind.com"]
[Date "2007.09.13"]
[Round "-"]
[White "marble"]
[Black "jtrochez1"]
[Result "1/2-1/2"]
[WhiteCountry "ENG"]
[BlackCountry "HON"]
[WhiteElo "1682"]
[WhiteRD "56"]
[BlackElo "1524"]
[BlackRD "49"]
[GameID "120492"]

1. e4 e5 2. d4 exd4 3. c3 d6 4. Bc4 Qf6 5. Nf3 h6 6. cxd4 Bg4 7. Nbd2 Nd7 8. Qa4 c6 9. h3 Bh5 10. Qb3 Nb6
11. e5 Qd8 12. O-O d5 13. Bd3 Be7 14. Qc2 Bg5 15. Nxg5 hxg5 16. Re1 Ne7 17. Be2 Bxe2 18. Rxe2 g6 19. a4 Nf5 20. Nf3 Qd7
21. Bxg5 Ng7 22. Bf6 Rg8 23. Rae1 Ne6 24. Ng5 Nxg5 25. Bxg5 Qe6 26. b3 Kd7 27. a5 Nc8 28. Qd2 Ne7 29. Qb4 Rab8 30. Rc1 Rgc8
31. Qc5 b6 32. axb6 Rxb6 33. Qa3 Ra8 34. Rc5 a6 35. Bxe7 Qxe7 36. b4 Rb5 37. Qb3 Rab8 38. Rxb5 Rxb5 39. Rb2 Qg5 40. Qc3 Rb6
41. Ra2 Qe7 42. Ra4 Qe6 43. Qd3 Qe7 44. Qf3 Ke8 45. Qg4 Kd8 46. Qe2 Qg5 47. Qc2 Qf4 48. Qc5 Kc7 49. Qe7+ Kc8 50. Qa7 Qc1+
51. Kh2 Qf4+ 52. Kh1=
1/2-1/2

[Event "SCCA Summer of Thematics - August 2007"]
[Site "SchemingMind.com"]
[Date "2007.09.13"]
[Round "-"]
[White "jtrochez1"]
[Black "marble"]
[Result "0-1"]
[WhiteCountry "HON"]
[BlackCountry "ENG"]
[WhiteElo "1524"]
[WhiteRD "49"]
[BlackElo "1682"]
[BlackRD "56"]
[GameID "120501"]

1. e4 e5 2. d4 exd4 3. c3 d5 4. Bd3 dxe4 5. Bxe4 Nf6 6. Bf3 Bc5 7. Ne2 d3 8. Ng1 O-O 9. Ne2 dxe2 10. Bxe2 Qxd1+
11. Bxd1 Re8+ 12. Be2 Bf5 13. b4 Bb6 14. f3 Bd3 15. Kd1 Bxe2+ 16. Kc2 Nc6 17. Bg5 Nd5 18. a4 f6 19. Bd2 a5 20. b5 Na7
21. Na3 Bf2 22. c4 Nb4+ 23. Bxb4 axb4 24. Nb1 Rad8 25. Nd2 Be3 26. Ne4 f5 27. Rhe1 Bd3+ 28. Kb3 Bd4 29. Ng5 Bxa1 30. Rxa1 c5
31. h3 Re3 32. Kb2 Bxc4
0-1

[Event "SCCA Summer of Thematics - August 2007"]
[Site "SchemingMind.com"]
[Date "2007.10.20"]
[Round "-"]
[White "cnbcad"]
[Black "Tahur"]
[Result "0-1"]
[WhiteCountry "USA"]
[BlackCountry "ARG"]
[WhiteElo "1506"]
[WhiteRD "56"]
[BlackElo "1964"]
[BlackRD "52"]
[GameID "124629"]

1. e4 e5 2. d4 exd4 3. c3 dxc3 4. Nxc3 Nc6 5. Nf3 Bb4 6. Bd2 Nf6 7. e5 Qe7 8. Bg5 Nxe5 9. Nxe5 Qxe5+ 10. Qe2 Bxc3+
11. bxc3 Ne4 12. Rc1 O-O 13. Be3 d5 14. g3 Nxc3 15. Qd2 Ne4 16. Qd3 Re8 17. Bg2 Bf5 18. O-O Nxg3 19. Qxd5 Ne2+ 20. Kh1 Qxd5
21. Bxd5 Nxc1 22. Bxc1 c6 23. Bb3 Bd3 24. Rd1 Be2
0-1

[Event "SCCA Summer of Thematics - August 2007"]
[Site "SchemingMind.com"]
[Date "2007.10.20"]
[Round "-"]
[White "Tahur"]
[Black "cnbcad"]
[Result "1-0"]
[WhiteCountry "ARG"]
[BlackCountry "USA"]
[WhiteElo "1964"]
[WhiteRD "52"]
[BlackElo "1506"]
[BlackRD "56"]
[GameID "124635"]

1. e4 e5 2. d4 exd4 3. c3 dxc3 4. Bc4 cxb2 5. Bxb2 Nf6 6. e5 Qe7 7. Qe2 d5 8. exf6 Qxe2+ 9. Bxe2 gxf6 10. Bxf6 Rg8
11. Nc3 Bb4 12. Kf1 Bxc3 13. Bxc3 Be6 14. Bd3 Nc6 15. Bxh7 Rg5 16. Nf3 Rh5 17. Bc2 f5 18. Re1 Rh6 19. Ng5 Kd7 20. Nxe6 Nd8
21. Nf4 Nf7 22. Nxd5 Rc6 23. Bxf5+ Kd6 24. Be6
1-0

[Event "SCCA Summer of Thematics - August 2007"]
[Site "SchemingMind.com"]
[Date "2007.11.07"]
[Round "-"]
[White "jamesm_beatty"]
[Black "Canuck36"]
[Result "0-1"]
[WhiteCountry "USA"]
[BlackCountry "CAN"]
[WhiteElo "1503"]
[WhiteRD "73"]
[BlackElo "1584"]
[BlackRD "83"]
[GameID "127950"]

1. e4 e5 2. d4 exd4 3. c3 dxc3 4. Nxc3 Nc6 5. Nf3 Bb4 6. Bc4 Nf6 7. h3 Qe7 8. Qe2 O-O 9. e5 Bxc3+ 10. bxc3 Ne8
11. Bg5 Qc5 12. O-O d6 13. e6 fxe6 14. Bxe6+ Kh8 15. Bf7 Bd7 16. Rfe1 Qxc3 17. Rac1 Qb4 18. Rc4 Qb5 19. Nd4 Qxg5 20. Be6 Nxd4
21. Rxd4 Bxe6 22. Qxe6 Rd8 23. Rde4 Nf6 24. R4e3 Qd5 25. Qe7 c5 26. f4 a6 27. g4 h6 28. h4 Nxg4 29. Re6 Qd4+ 30. Kg2 h5
31. Rg6 Qf2+ 32. Kh1 Qh2#
0-1

[Event "SCCA Summer of Thematics - August 2007"]
[Site "SchemingMind.com"]
[Date "2007.11.07"]
[Round "-"]
[White "Canuck36"]
[Black "jamesm_beatty"]
[Result "1-0"]
[WhiteCountry "CAN"]
[BlackCountry "USA"]
[WhiteElo "1605"]
[WhiteRD "86"]
[BlackElo "1498"]
[BlackRD "72"]
[GameID "127953"]

1. e4 e5 2. d4 exd4 3. c3 dxc3 4. Nxc3 Nc6 5. Nf3 d6 6. Bc4 Nf6 7. O-O Bg4 8. Bg5 h6 9. Bxf6 Qxf6 10. Nd5 Qd8
11. Ne3 Bxf3 12. Qxf3 Qf6 13. Qxf6 gxf6 14. Nd5 Be7 15. Nxc7+ Kd7 16. Nxa8 Rxa8 17. Bxf7 Ne5 18. Bd5 Nd3 19. b3 Nb4 20. Bc4 a6
21. a4 Rc8 22. Rac1 Rd8 23. Rfd1 Na2 24. Rc2 Nb4 25. Rcd2 Ke8 26. g4 Nc6 27. f4 Kf8 28. Kg2 Na5 29. Be6 d5 30. Bxd5 Nxb3
31. Bxb3 Rxd2+ 32. Rxd2 b5 33. axb5 axb5 34. Rd5 b4 35. Rb5 Ke8 36. Kg3 Kd7 37. h4 Kc6 38. Bc4 Bd6 39. e5 fxe5 40. fxe5 Bxe5+
41. Rxe5 h5 42. gxh5 Kd6 43. Kf4 b3 44. Bxb3 Kd7 45. Kf5 Kd6 46. Ba4 Kc7 47. Re6 Kd8 48. Kf6 Kc8 49. Ra6 Kb7 50. Bb5 Kb8
51. Ke6 Kc7 52. Rc6+ Kb7 53. Kd6 Ka8 54. Kc7 Ka7 55. Ra6#
1-0

[Event "SCCA Summer of Thematics - August 2007"]
[Site "SchemingMind.com"]
[Date "2007.12.06"]
[Round "-"]
[White "Stahp"]
[Black "mr_inconsistent"]
[Result "0-1"]
[WhiteCountry "FRA"]
[BlackCountry "IND"]
[WhiteElo "1647"]
[WhiteRD "88"]
[BlackElo "1406"]
[BlackRD "90"]
[GameID "132058"]

1. e4 e5 2. d4 exd4 3. c3 dxc3 4. Nxc3 Nc6 5. Nf3 d6 6. Bb5 Bd7 7. O-O Nf6 8. Bg5 Be7 9. Nd4 Nxd4 10. Bxd7+ Nxd7
11. Bxe7 Qxe7 12. Qxd4 O-O 13. Nd5 Qd8 14. Rac1 c6 15. Ne3 Nf6 16. Rfd1 Ne8 17. Nf5 d5 18. Qxg7+ Nxg7
0-1

[Event "SCCA Summer of Thematics - August 2007"]
[Site "SchemingMind.com"]
[Date "2007.12.07"]
[Round "-"]
[White "mr_inconsistent"]
[Black "Stahp"]
[Result "0-1"]
[WhiteCountry "IND"]
[BlackCountry "FRA"]
[WhiteElo "1481"]
[WhiteRD "95"]
[BlackElo "1642"]
[BlackRD "93"]
[GameID "132067"]

1. e4 e5 2. d4 exd4 3. c3 dxc3 4. Nxc3 Bb4 5. Bd2 Nf6 6. Nge2 d6 7. g3 Bg4 8. Bg2 O-O 9. O-O Nfd7 10. Qc1 Bxe2
11. Nxe2 Bxd2 12. Qxd2 Nc6 13. a3 Qf6 14. Nc3 Nd4 15. Rad1 Nf3+ 16. Bxf3 Qxf3 17. Nd5 Rac8 18. Rde1 Rfe8 19. Re3 Qh5 20. Qc3 Nc5
21. f3 Qe5 22. Qxe5 Rxe5 23. b4 Nd7 24. Rc1 c6 25. Nf4 Rce8 26. Nd3 R5e6 27. Nf4 R6e7 28. a4 Ne5 29. Nd3 Nxd3 30. Rxd3 Re6
31. Rcd1 Rd8 32. Kg2 g6 33. g4 Kg7 34. h4 Kf6 35. g5+ Ke5 36. Kg3 d5 37. exd5 Rxd5 38. Re3+ Kd6 39. Rxe6+ Kxe6 40. Rc1 Kd6
41. Rc4 b6 42. f4 c5 43. Kg4 Rd4 44. bxc5+ bxc5 45. Rc2 Rxa4 46. h5 a5 47. hxg6 hxg6 48. Rb2 Rb4 49. Rd2+ Kc6 50. Re2 Rb7
51. Ra2 Ra7 52. Re2 c4 53. Re5 a4 54. f5 gxf5+ 55. Rxf5 a3
0-1

[Event "SCCA Summer of Thematics - August 2007"]
[Site "SchemingMind.com"]
[Date "2008.01.22"]
[Round "-"]
[White "Canuck36"]
[Black "Tahur"]
[Result "0-1"]
[WhiteCountry "CAN"]
[BlackCountry "ARG"]
[WhiteElo "1534"]
[WhiteRD "88"]
[BlackElo "1943"]
[BlackRD "54"]
[GameID "138275"]

1. e4 e5 2. d4 exd4 3. c3 dxc3 4. Bc4 cxb2 5. Bxb2 Bb4+ 6. Nc3 Qe7 7. f3 f5 8. Qc2 Qc5 9. Bxg8 Rxg8 10. exf5 Kd8
11. O-O-O Nc6 12. Nge2 d6 13. g4 Qe3+ 14. Qd2 Qxf3 15. h3 Re8 16. Qd3 Re3 17. Qc4 g6 18. fxg6 Be6 19. Nd5 Bxd5 20. Rxd5 Qxe2
21. Qxe2 Rxe2 22. gxh7 Kd7 23. Rg5 Bd2+ 24. Kd1 Bxg5 25. Kxe2 Re8+ 26. Kf3 Rf8+ 27. Kg2 Ne5 28. h4 Be3 29. Rf1 Rh8 30. Re1 Bf4
31. g5 Rxh7 32. Kh3 Nf3 33. Rd1 Rxh4+ 34. Kg2 Nxg5
0-1

[Event "SCCA Summer of Thematics - August 2007"]
[Site "SchemingMind.com"]
[Date "2008.01.21"]
[Round "-"]
[White "Tahur"]
[Black "Canuck36"]
[Result "1-0"]
[WhiteCountry "ARG"]
[BlackCountry "CAN"]
[WhiteElo "1943"]
[WhiteRD "54"]
[BlackElo "1534"]
[BlackRD "88"]
[GameID "138287"]

1. e4 e5 2. d4 exd4 3. c3 d5 4. Qxd4 Nf6 5. exd5 Bd6 6. Bb5+ c6 7. Qe3+ Qe7 8. Qxe7+ Bxe7 9. dxc6 Nxc6 10. Nf3 O-O
11. O-O Bd7 12. Bg5 Rfe8 13. Re1 a6 14. Bd3 h6 15. Bf4 b5 16. a4 b4 17. c4 a5 18. Nbd2 Bc5 19. Nb3 Be6 20. Nxc5 Bg4
21. Rxe8+ Rxe8 22. Re1 Bxf3 23. Rxe8+ Nxe8 24. gxf3 Nd4 25. Kg2 Nf6 26. Bc7 Nc6 27. Nb3 Nd7 28. Be4 Nce5 29. Nxa5 f6 30. Nc6 Nxc4
31. Bd5+
1-0

[Event "SCCA Summer of Thematics - August 2007"]
[Site "SchemingMind.com"]
[Date "2008.04.01"]
[Round "-"]
[White "mr_inconsistent"]
[Black "marble"]
[Result "1-0"]
[WhiteCountry "IND"]
[BlackCountry "ENG"]
[WhiteElo "1562"]
[WhiteRD "97"]
[BlackElo "1590"]
[BlackRD "56"]
[GameID "148567"]

1. e4 e5 2. d4 exd4 3. c3 d5 4. Qxd4 Be6 5. exd5 Bxd5 6. Nf3 b6 7. Be2 Nf6 8. Bg5 Be7 9. O-O O-O 10. Rd1 Nc6
11. Qd2 Bxf3 12. Bxf3 Qc8 13. Na3 Qe6 14. Re1 Qd7 15. Qxd7 Nxd7 16. Bxe7 Nxe7 17. Bxa8 Ng6 18. Bc6 Nde5 19. Bf3 Nd3 20. Re2 Nge5
21. Rd1 Re8 22. Kf1 h6 23. Rxd3 Kf8 24. Rde3 f6 25. Nc4 g5 26. Nxe5 fxe5 27. Rxe5 Rd8 28. Re1
1-0

[Event "SCCA Summer of Thematics - August 2007"]
[Site "SchemingMind.com"]
[Date "2008.04.01"]
[Round "-"]
[White "marble"]
[Black "mr_inconsistent"]
[Result "0-1"]
[WhiteCountry "ENG"]
[BlackCountry "IND"]
[WhiteElo "1590"]
[WhiteRD "56"]
[BlackElo "1562"]
[BlackRD "97"]
[GameID "148577"]

1. e4 e5 2. d4 exd4 3. c3 dxc3 4. Bc4 cxb2 5. Bxb2 d6 6. Qf3 Nf6 7. e5 dxe5 8. Bxe5 Be7 9. Nc3 O-O 10. Rd1 Nbd7
11. Qg3 c6 12. Nge2 Qe8 13. Ne4 Nxe5 14. Qxe5 Nxe4 15. Qxe4 Bf6 16. Bd3 Qxe4 17. Bxe4 Be6 18. a3 Bb3 19. Rb1 Bd5 20. Bc2 Rfe8
21. Bd3 b5 22. O-O a5 23. Nf4 b4 24. axb4 axb4 25. Nxd5 cxd5 26. Rxb4 d4 27. f3 h6 28. g4 g5 29. Rb6 Bg7 30. Kg2 Re3
31. Rb3 Ra2+ 32. Kh3 Be5 33. Bc4 Rxh2#
0-1

[Event "SCCA Summer of Thematics - August 2007"]
[Site "SchemingMind.com"]
[Date "2008.05.29"]
[Round "-"]
[White "Tahur"]
[Black "mr_inconsistent"]
[Result "1-0"]
[WhiteCountry "ARG"]
[BlackCountry "IND"]
[WhiteElo "1981"]
[WhiteRD "58"]
[BlackElo "1571"]
[BlackRD "104"]
[GameID "156892"]

1. e4 e5 2. d4 exd4 3. c3 d6 4. cxd4 g6 5. Nc3 Bg7 6. Nf3 Ne7 7. Bc4 O-O 8. Bg5 Nbc6 9. O-O a6 10. Rc1 Bg4
11. Nd5 Re8 12. Qb3 Bxf3 13. Nxe7+ Nxe7 14. Bxf7+ Kh8 15. gxf3 Rf8 16. Qe6 Qc8 17. Qxe7 h6 18. Rxc7 Qh3 19. Bxg6 Rg8 20. Bf6
1-0

[Event "SCCA Summer of Thematics - August 2007"]
[Site "SchemingMind.com"]
[Date "2008.05.29"]
[Round "-"]
[White "mr_inconsistent"]
[Black "Tahur"]
[Result "0-1"]
[WhiteCountry "IND"]
[BlackCountry "ARG"]
[WhiteElo "1566"]
[WhiteRD "107"]
[BlackElo "1995"]
[BlackRD "58"]
[GameID "156900"]

1. e4 e5 2. d4 exd4 3. c3 dxc3 4. Nxc3 Nc6 5. Bc4 Bb4 6. Bd2 Ne5 7. Bb3 d6 8. Nf3 Nd3+ 9. Kf1 Nc5 10. Qe2 Nxb3
11. axb3 Bd7 12. g3 h6 13. Kg2 Ne7 14. Rhe1 O-O 15. Kg1 Bg4 16. Qc4 Bxf3 17. Qxb4 Qc8 18. Qd4 Nc6 19. Qe3 Bg4 20. Nd5 Bh3
21. b4 Qd8 22. b5 Ne5 23. Qc3 c6 24. bxc6 bxc6 25. Nb4 Qb6
0-1